000 00432nmm a2200145Ia 4500
008 251105s9999||||xx |||||||||||||||||und||
041 _aspa
100 _aSjón
245 0 _aMaravillas del crepúsculo
264 _a[Madrid, España] :
_bNordica Libros,
_c[Fecha de publicación no identificada]
300 _a0 páginas
650 _aOther narratives
856 _uhttps://public.digitaliapublishing.com/a/88344
942 _cCF
999 _c103465
_d103465